000 003620000a22001330004500
082 0 4 _aB P473v
100 1 _aPfarherr, Liliana
245 1 0 _a¿Veo veo qué ves? / Liliana Pfarherr ; ilustraciones Claudia Degliuomini
260 _aArgentina : Editorial Guadal S.A.
440 0 _aCol, el gato de hojalata
500 _aLibro de tela
001 1336
942 _cLGB
999 _c48503
_d48503